Test of reasoning (Record no. 11351)

MARC details
000 -LEADER
fixed length control field 00476nam a22001817a 4500
005 - DATE AND TIME OF LATEST TRANSACTION
control field 20220629110310.0
008 - FIXED-LENGTH DATA ELEMENTS--GENERAL INFORMATION
fixed length control field 220629b ||||| |||| 00| 0 eng d
020 ## - INTERNATIONAL STANDARD BOOK NUMBER
International Standard Book Number 9788183487603
040 ## - CATALOGING SOURCE
Original cataloging agency IN-DiNC
Transcribing agency IN-DiNC
041 ## - LANGUAGE CODE
Language code of sung or spoken text English
082 ## - DEWEY DECIMAL CLASSIFICATION NUMBER
Classification number 001
100 ## - MAIN ENTRY--PERSONAL NAME
Personal name Kishan Jai
Relator term Author
245 ## - TITLE STATEMENT
Title Test of reasoning
Remainder of title In all competitive exam
Statement of responsibility, etc. by Jai Kishan
260 ## - PUBLICATION, DISTRIBUTION, ETC.
Place of publication, distribution, etc. Meerut
Name of publisher, distributor, etc. Arihant publications
300 ## - PHYSICAL DESCRIPTION
Extent 374p.
700 ## - ADDED ENTRY--PERSONAL NAME
Personal name Prem Kishan
Relator term Author
942 ## - ADDED ENTRY ELEMENTS (KOHA)
Source of classification or shelving scheme Dewey Decimal Classification
Koha item type Books
Holdings
Withdrawn status Lost status Source of classification or shelving scheme Damaged status Not for loan Collection code Home library Current library Shelving location Date acquired Cost, normal purchase price Total Checkouts Full call number Barcode Date last seen Date last checked out Copy number Price effective from Koha item type
    Dewey Decimal Classification     General Collection Naharkatiya College Library Naharkatiya College Library General Stacks 29/06/2022 165.00 9 001 21123 09/04/2025 20/02/2025 1 29/06/2022 Books

Naharkatiya College © 2020. All rights reserved.

Powered By